[Event "GER-ch 78th"]
[Site "Bad Koenigshofen"]
[Date "2007.01.20"]
[Round "2"]
[White "Naiditsch, Arkadij"]
[Black "Henrichs, Thomas"]
[Result "1/2-1/2"]
[WhiteElo "2663"]
[BlackElo "2483"]
[EventDate "2007.01.19"]
[PlyCount "78"]

1. e4 c5 2. Nf3 d6 3. d4 cxd4 4. Nxd4 Nf6 5. Nc3 a6 6. Be3 e6 7. g4 h5 8. g5 Ng4 9. Bc1 Qb6 10. h3 Ne5 11. Nb3 Nbd7 12. f4 Nc6 13. Qe2 g6 14. Be3 Qc7 15. O-O-O b5 16. Nd4 Be7 17. Nd5 exd5 18. Nxc6 Qxc6 19. Bd4 dxe4 20. Bxh8 Nc5 21. Qe3 d5 22. h4 Bg4 23. Rd2 Ne6 24. Bh3 Bc5 25. Qg3 Bf3 26. Re1 Bb4 27. c3 Bd6 28. Be5 Bxe5 29. fxe5 b4 30. Re3 d4 31. Bxe6 Qxe6 32. Rxd4 Qxa2 33. e6 Qa1+ 34. Kc2 b3+ 35. Kxb3 Bd1+ 36. Rxd1 Qxd1+ 37. Ka3 Qa1+ 38. Kb3 Qd1+ 39. Ka3 Qa1+ 1/2-1/2

[Event "GER-ch 78th"]
[Site "Bad Koenigshofen"]
[Date "2007.01.20"]
[Round "2"]
[White "Prusikin, Michael"]
[Black "Suren, Peter"]
[Result "1-0"]
[WhiteElo "2571"]
[BlackElo "2211"]
[EventDate "2007.01.19"]
[PlyCount "79"]

1. d4 Nc6 2. Nf3 d5 3. c4 Bg4 4. Nc3 e6 5. cxd5 exd5 6. Bf4 Bd6 7. Bg3 Bxf3 8. gxf3 Nge7 9. e3 Qd7 10. a3 Nd8 11. Nb5 Bxg3 12. hxg3 Ne6 13. f4 g6 14. g4 f6 15. Rc1 c6 16. Nc3 f5 17. Bd3 Ng7 18. Na4 b6 19. Be2 O-O 20. Nc3 Rf6 21. Na2 fxg4 22. Bxg4 Qd6 23. Qc2 a5 24. Nc3 Ngf5 25. Rd1 Kg7 26. Bf3 Re6 27. Ne2 Re8 28. Rd3 Ng8 29. Bg4 Ngh6 30. Bh3 Qe7 31. Bxf5 Nxf5 32. Kd1 Nd6 33. Ng3 Qd7 34. Kc1 b5 35. Rdd1 Rf8 36. Rdg1 Kh8 37. Rh6 Nf5 38. Nxf5 Rxf5 39. Rgh1 Kg8 40. Kb1 1-0

[Event "GER-ch 78th"]
[Site "Bad Koenigshofen"]
[Date "2007.01.20"]
[Round "2"]
[White "Reinhardt, Bernd"]
[Black "Abel, Dennes"]
[Result "0-1"]
[WhiteElo "2347"]
[BlackElo "2294"]
[EventDate "2007.01.19"]
[PlyCount "94"]

1. Nf3 c5 2. c3 Nf6 3. d3 d5 4. Nbd2 g6 5. e4 Bg7 6. Be2 Nc6 7. O-O O-O 8. a3 b6 9. Re1 d4 10. cxd4 Nxd4 11. Nxd4 Qxd4 12. Rb1 Bb7 13. b4 cxb4 14. axb4 Rfd8 15. Bb2 Qd7 16. Nc4 Ne8 17. Qb3 Bxb2 18. Rxb2 Nc7 19. Ne5 Qe6 20. Qxe6 Nxe6 21. Bg4 Nf4 22. Rc2 h5 23. Rc7 hxg4 24. Rxb7 Nxd3 25. Nxd3 Rxd3 26. Rxe7 Rb3 27. e5 Kf8 28. Rb7 Re8 29. h3 gxh3 30. gxh3 Re7 31. Rb8+ Kg7 32. Re4 Rxh3 33. Kg2 Rd3 34. f3 Rd5 35. f4 Rd3 36. Rc8 Red7 37. e6 Rd2+ 38. Kf3 R7d3+ 39. Re3 fxe6 40. Rc7+ Kf6 41. Rxa7 Rxe3+ 42. Kxe3 Rb2 43. Ra4 b5 44. Ra7 Rb3+ 45. Ke4 Rxb4+ 46. Kf3 Rb1 47. Rb7 b4 0-1

[Event "GER-ch 78th"]
[Site "Bad Koenigshofen"]
[Date "2007.01.20"]
[Round "2"]
[White "Schenderowitsch, Michael"]
[Black "Heinig, Wolfram"]
[Result "1/2-1/2"]
[WhiteElo "2268"]
[BlackElo "2364"]
[EventDate "2007.01.19"]
[PlyCount "56"]

1. c4 Nf6 2. Nc3 e5 3. g3 c6 4. Nf3 e4 5. Nd4 d5 6. cxd5 cxd5 7. d3 Bc5 8. Nb3 Bb4 9. a3 Bxc3+ 10. bxc3 O-O 11. Bg2 Nc6 12. O-O Bf5 13. Bf4 Rc8 14. Qd2 Re8 15. h3 Bg6 16. Rfd1 h6 17. a4 exd3 18. exd3 Ne5 19. Bxe5 Rxe5 20. Nd4 Qa5 21. Rdc1 Re7 22. Rab1 a6 23. Rb4 Qc5 24. Bf1 Rec7 25. Qb2 Qe7 26. Qb3 Qd7 27. Rb6 Ne8 28. Kh2 Nf6 1/2-1/2

[Event "GER-ch 78th"]
[Site "Bad Koenigshofen"]
[Date "2007.01.20"]
[Round "2"]
[White "Stanke, Juergen"]
[Black "Koller, Jens"]
[Result "1-0"]
[WhiteElo "2323"]
[BlackElo "2246"]
[EventDate "2007.01.19"]
[PlyCount "59"]

1. c4 g6 2. Nc3 Bg7 3. g3 d6 4. Bg2 e5 5. d3 c6 6. e4 Ne7 7. Nge2 O-O 8. O-O Be6 9. b3 a6 10. d4 b5 11. d5 Bc8 12. cxb5 axb5 13. dxc6 Nbxc6 14. Be3 b4 15. Na4 Ba6 16. Nb6 Rb8 17. Nc4 f5 18. f3 d5 19. exd5 Nxd5 20. Bc5 Rf6 21. Qc2 Qc7 22. f4 e4 23. Rac1 Rc8 24. Rfd1 Nce7 25. Bd4 Rc6 26. Bxg7 Kxg7 27. Qb2+ Kg8 28. Nd4 Nc3 29. Nxc6 Nxd1 30. Nxe7+ 1-0

[Event "GER-ch 78th"]
[Site "Bad Koenigshofen"]
[Date "2007.01.20"]
[Round "2"]
[White "Tabatt, Hendrik"]
[Black "Seuffert, Gabriel"]
[Result "1-0"]
[WhiteElo "2228"]
[BlackElo "2339"]
[EventDate "2007.01.19"]
[PlyCount "77"]

1. e4 c5 2. Nf3 e6 3. c4 Nc6 4. Nc3 e5 5. d3 d6 6. Be2 Be7 7. O-O f5 8. exf5 Bxf5 9. Kh1 Qd7 10. Nd5 Nf6 11. Ne3 Be6 12. Ng5 Nd4 13. Nxe6 Qxe6 14. Bf3 Qd7 15. Bd5 g5 16. Bd2 a5 17. Be4 h5 18. b3 Bd8 19. Bc3 Nc6 20. Qd2 Rg8 21. a3 Rb8 22. Rab1 b6 23. b4 axb4 24. axb4 cxb4 25. Bxb4 b5 26. Bc3 Nxe4 27. dxe4 b4 28. Bxb4 Rxb4 29. Rxb4 Ba5 30. Qd5 Rf8 31. Ra4 Bd8 32. Nf5 Rxf5 33. exf5 Ne7 34. Qb5 Nxf5 35. Ra7 Qxb5 36. cxb5 Nd4 37. Rb1 Bb6 38. Rb7 Bc5 39. Ra1 1-0

[Event "GER-ch 78th"]
[Site "Bad Koenigshofen"]
[Date "2007.01.20"]
[Round "2"]
[White "Tereick, Benjamin"]
[Black "Degtiarev, Evgeny"]
[Result "1-0"]
[WhiteElo "2382"]
[BlackElo "2393"]
[EventDate "2007.01.19"]
[PlyCount "87"]

1. c4 Nf6 2. Nc3 e5 3. Nf3 Nc6 4. a3 h6 5. e4 Bd6 6. d3 O-O 7. b4 Re8 8. g3 a5 9. b5 Nb8 10. Bg2 Bf8 11. O-O d6 12. h3 g6 13. Be3 Bg7 14. Qd2 Kh7 15. Ne1 Nfd7 16. f4 f5 17. exf5 gxf5 18. Nf3 exf4 19. Bxf4 Nc5 20. Rae1 Nb3 21. Qc2 Nd4 22. Nxd4 Bxd4+ 23. Kh2 Rxe1 24. Rxe1 Nd7 25. Nd5 Ne5 26. c5 Bd7 27. cxd6 cxd6 28. Qa4 Qh8 29. Qxd4 Nf3+ 30. Bxf3 Qxd4 31. Re7+ Kg6 32. Rxd7 Qf2+ 33. Bg2 Re8 34. Rxd6+ Kf7 35. Rd7+ Kg6 36. Re7 Rxe7 37. Nxe7+ Kf6 38. Nd5+ Kg6 39. Ne3 Qb2 40. a4 Qa2 41. b6 Qxa4 42. Bxb7 Qb5 43. Nc4 a4 44. Bc6 1-0

[Event "GER-ch 78th"]
[Site "Bad Koenigshofen"]
[Date "2007.01.20"]
[Round "2"]
[White "Tischbierek, Raj"]
[Black "Feustel, Bernd"]
[Result "1/2-1/2"]
[WhiteElo "2486"]
[BlackElo "2319"]
[EventDate "2007.01.19"]
[PlyCount "88"]

1. b3 c5 2. e3 Nf6 3. Bb2 Nc6 4. c4 g6 5. Bxf6 exf6 6. Nc3 Bg7 7. g3 O-O 8. Bg2 Nb4 9. d3 f5 10. Nge2 Rb8 11. O-O b6 12. a3 Nc6 13. d4 cxd4 14. exd4 Bb7 15. Rc1 Re8 16. d5 Na5 17. Nb5 Nxb3 18. Qxb3 Rxe2 19. Nxa7 Rb2 20. Qd3 Qf6 21. Nb5 f4 22. Rc2 Rxc2 23. Qxc2 Bf8 24. Bh3 Rd8 25. Qe4 fxg3 26. fxg3 Qb2 27. Qf4 f5 28. Qc1 Bc5+ 29. Kh1 Qxc1 30. Rxc1 Re8 31. Bf1 Re3 32. a4 Kg7 33. Kg2 Kf6 34. Rc2 Ke5 35. Be2 g5 36. h3 f4 37. gxf4+ Kxf4 38. Bg4 Rg3+ 39. Kh2 d6 40. Rc1 Rd3 41. Rf1+ Ke3 42. Re1+ Kf4 43. Rf1+ Ke3 44. Re1+ Kf4 1/2-1/2

[Event "GER-ch 78th"]
[Site "Bad Koenigshofen"]
[Date "2007.01.20"]
[Round "2"]
[White "Zill, Christoph"]
[Black "Schellmann, Frank"]
[Result "1-0"]
[WhiteElo "2305"]
[BlackElo "2107"]
[EventDate "2007.01.19"]
[PlyCount "39"]

1. e4 e5 2. f4 exf4 3. Bc4 Nf6 4. Nc3 c6 5. Bb3 d5 6. exd5 cxd5 7. d4 Bd6 8. Qf3 Nc6 9. Nge2 Bg4 10. Qf2 O-O 11. O-O g5 12. Nxf4 gxf4 13. Bxf4 Nh5 14. Bh6 Bxh2+ 15. Kxh2 Qd6+ 16. Bf4 Nxf4 17. Qxf4 Qxf4+ 18. Rxf4 f5 19. Nxd5 Kg7 20. Nc7 1-0

[Event "GER-ch 78th"]
[Site "Bad Koenigshofen"]
[Date "2007.01.21"]
[Round "3"]
[White "Abel, Dennes"]
[Black "Enders, Peter"]
[Result "1-0"]
[WhiteElo "2294"]
[BlackElo "2433"]
[EventDate "2007.01.19"]
[PlyCount "53"]

1. e4 c5 2. Nf3 Nc6 3. d4 cxd4 4. Nxd4 Nf6 5. Nc3 d6 6. Bg5 e6 7. Qd2 Be7 8. O-O-O O-O 9. f4 h6 10. Bh4 e5 11. Nf5 Bxf5 12. exf5 exf4 13. Kb1 d5 14. Bxf6 Bxf6 15. Nxd5 Be5 16. c3 Qg5 17. Bd3 Rad8 18. h4 Qg3 19. Be4 Bb8 20. Bf3 Ne5 21. Qe2 Nxf3 22. gxf3 Rfe8 23. Qf1 Kh8 24. c4 Re5 25. Rh3 Rxf5 26. Rxg3 fxg3 27. Ne3 1-0

[Event "GER-ch 78th"]
[Site "Bad Koenigshofen"]
[Date "2007.01.21"]
[Round "3"]
[White "Baramidze, David"]
[Black "Tereick, Benjamin"]
[Result "1-0"]
[WhiteElo "2551"]
[BlackElo "2382"]
[EventDate "2007.01.19"]
[PlyCount "83"]

1. e4 e6 2. d4 d5 3. Nc3 Nf6 4. e5 Nfd7 5. f4 c5 6. Nf3 Nc6 7. Ne2 b5 8. a3 a5 9. Be3 Ba6 10. f5 exf5 11. Nf4 cxd4 12. Bxd4 Qb8 13. Nxd5 Ndxe5 14. Nxe5 Nxe5 15. c4 Bb7 16. Qb3 Bxd5 17. cxd5 b4 18. a4 Bd6 19. Bb5+ Kf8 20. O-O g6 21. h3 h5 22. Rac1 f6 23. Qe3 Rh7 24. Bc6 Raa7 25. Bxa7 Qxa7 26. Qxa7 Rxa7 27. Bb5 Rc7 28. Rxc7 Bxc7 29. Rc1 Bb6+ 30. Kf1 Ke7 31. Rc8 Kd6 32. Rf8 Kxd5 33. Rxf6 Bd8 34. Rf8 Bb6 35. Rf6 Bd8 36. Rf8 Bb6 37. Ke2 Ke4 38. Rf6 Bc7 39. Be8 Kf4 40. Re6 Kg5 41. Re7 Bd6 42. Ra7 1-0

[Event "GER-ch 78th"]
[Site "Bad Koenigshofen"]
[Date "2007.01.21"]
[Round "3"]
[White "Becker, Marcel"]
[Black "Schenderowitsch, Michael"]
[Result "1/2-1/2"]
[WhiteElo "2381"]
[BlackElo "2268"]
[EventDate "2007.01.19"]
[PlyCount "70"]

1. d4 e6 2. Nf3 Nf6 3. c4 b6 4. e3 Bb7 5. Bd3 d5 6. cxd5 exd5 7. O-O Bd6 8. Nc3 a6 9. b3 Nbd7 10. Bb2 O-O 11. Rc1 Re8 12. Qc2 Ne4 13. Ne2 Qe7 14. Ng3 g6 15. Ne5 Nxg3 16. hxg3 Nb8 17. f4 Nd7 18. Rf3 Nf6 19. g4 Ne4 20. g5 f6 21. Bxe4 dxe4 22. gxf6 Qxf6 23. Ng4 Qh4 24. Qc4+ Kf8 25. Rh3 Qxg4 26. Rxh7 Qf5 27. Qxc7 Bxc7 28. Rcxc7 Qf6 29. Ba3+ Kg8 30. Rxb7 Rab8 31. Ra7 Ra8 32. Rab7 Rab8 33. Ra7 Rbc8 34. Bd6 Ra8 35. Rab7 Qxd6 1/2-1/2

[Event "GER-ch 78th"]
[Site "Bad Koenigshofen"]
[Date "2007.01.21"]
[Round "3"]
[White "Degtiarev, Evgeny"]
[Black "Jahrsdoerfer, Gerd"]
[Result "1-0"]
[WhiteElo "2393"]
[BlackElo "2176"]
[EventDate "2007.01.19"]
[PlyCount "55"]

1. d4 d5 2. Nf3 Nf6 3. c4 e6 4. Nc3 Be7 5. cxd5 exd5 6. Bf4 c6 7. e3 Bg4 8. h3 Bh5 9. g4 Bg6 10. Ne5 Ne4 11. Nxg6 Nxc3 12. bxc3 hxg6 13. Bg3 Nd7 14. Bd3 b5 15. Kf1 Bh4 16. Bh2 Nb6 17. Kg2 Qe7 18. Re1 Kf8 19. e4 Qf6 20. Qc2 Qg5 21. e5 Nc4 22. Bxc4 bxc4 23. Rab1 f5 24. exf6 gxf6 25. Qe2 Rh7 26. Bd6+ Kg8 27. Qe8+ Rxe8 28. Rxe8+ 1-0

[Event "GER-ch 78th"]
[Site "Bad Koenigshofen"]
[Date "2007.01.21"]
[Round "3"]
[White "Feustel, Bernd"]
[Black "Naiditsch, Arkadij"]
[Result "0-1"]
[WhiteElo "2319"]
[BlackElo "2663"]
[EventDate "2007.01.19"]
[PlyCount "90"]

1. Nf3 Nf6 2. c4 e6 3. g3 d5 4. Bg2 dxc4 5. Qa4+ Nbd7 6. O-O a6 7. Ne5 Rb8 8. Nxd7 Bxd7 9. Qxc4 Bb5 10. Qb3 Bxe2 11. Re1 Bb5 12. Nc3 Bd7 13. d4 Be7 14. d5 O-O 15. Bf4 Bd6 16. Bxd6 cxd6 17. dxe6 Bxe6 18. Qb4 Qc7 19. Rac1 Qc5 20. Qf4 Qb6 21. Na4 Qa5 22. Nc3 d5 23. Re5 Rbd8 24. Qd4 h6 25. Rd1 Rd7 26. Bf3 Rc8 27. g4 Qd8 28. Be2 Rc4 29. Qd2 Ne4 30. Qe3 Nxc3 31. bxc3 Rc6 32. f4 Rdc7 33. c4 d4 34. f5 Rd6 35. Qe4 Bd7 36. c5 Rdc6 37. Rxd4 Rxc5 38. Rxc5 Rxc5 39. Qxb7 Qe7 40. Qe4 Re5 41. Qa8+ Kh7 42. f6 Qc5 43. Bd3+ g6 44. Bxg6+ fxg6 45. f7 Qxd4+ 0-1

[Event "GER-ch 78th"]
[Site "Bad Koenigshofen"]
[Date "2007.01.21"]
[Round "3"]
[White "Graf, Alexander"]
[Black "Buhmann, Rainer"]
[Result "1/2-1/2"]
[WhiteElo "2610"]
[BlackElo "2547"]
[EventDate "2007.01.19"]
[PlyCount "49"]

1. d4 d5 2. c4 c6 3. Nc3 Nf6 4. Nf3 e6 5. Bg5 dxc4 6. e4 b5 7. e5 h6 8. Bh4 g5 9. Nxg5 hxg5 10. Bxg5 Nbd7 11. exf6 Bb7 12. g3 c5 13. d5 Bh6 14. Bxh6 Rxh6 15. Bg2 Nxf6 16. Nxb5 Qb6 17. Qd2 Rh5 18. Qf4 Qxb5 19. Qxf6 Qb4+ 20. Kf1 Rf5 21. Qh8+ Ke7 22. Qh4+ Ke8 23. Qh8+ Ke7 24. Qh4+ Ke8 25. Qh8+ 1/2-1/2

[Event "GER-ch 78th"]
[Site "Bad Koenigshofen"]
[Date "2007.01.21"]
[Round "3"]
[White "Heinig, Wolfram"]
[Black "Lorscheid, Gerhard"]
[Result "1/2-1/2"]
[WhiteElo "2364"]
[BlackElo "2285"]
[EventDate "2007.01.19"]
[PlyCount "24"]

1. d4 Nf6 2. c4 g6 3. Nc3 Bg7 4. e4 d6 5. Be2 O-O 6. Bg5 Na6 7. Qc2 h6 8. Bh4 c5 9. Nf3 Nb4 10. Qb3 cxd4 11. Nxd4 Nc6 12. Nc2 Nd7 1/2-1/2

[Event "GER-ch 78th"]
[Site "Bad Koenigshofen"]
[Date "2007.01.21"]
[Round "3"]
[White "Knuth, Hannes"]
[Black "Beikert, Guenther"]
[Result "1/2-1/2"]
[WhiteElo "2301"]
[BlackElo "2434"]
[EventDate "2007.01.19"]
[PlyCount "113"]

1. d4 Nf6 2. c4 e6 3. Nc3 Bb4 4. Qc2 b6 5. a3 Bxc3+ 6. Qxc3 Bb7 7. f3 d5 8. Bg5 Nbd7 9. cxd5 exd5 10. e3 O-O 11. Bb5 c6 12. Ba4 h6 13. Bh4 Re8 14. Ne2 Ba6 15. Qd2 Rc8 16. Rc1 Bxe2 17. Qxe2 b5 18. Bc2 Qe7 19. Bf2 Nb6 20. Bf5 Rc7 21. O-O Nc4 22. Rfe1 g6 23. Bd3 a5 24. e4 a4 25. e5 Nh5 26. Be3 Kh7 27. Bxc4 bxc4 28. Qd2 Rb7 29. Bxh6 Rb3 30. Bg5 Qb7 31. Rc2 Qb6 32. Qf2 Rd3 33. Rd2 Rxd2 34. Qxd2 Rb8 35. e6 fxe6 36. Rxe6 Qxb2 37. Qxb2 Rxb2 38. Rxc6 Rb1+ 39. Kf2 Rb2+ 40. Kf1 Rb1+ 41. Ke2 Rb2+ 42. Bd2 Nf4+ 43. Kd1 Nxg2 44. Rc7+ Kg8 45. Bg5 Rf2 46. Rd7 Rxf3 47. Rxd5 Ne3+ 48. Bxe3 Rxe3 49. Kc2 Rxa3 50. Rc5 Ra2+ 51. Kc3 Rxh2 52. Kb4 Kf7 53. Kxa4 Rd2 54. Rxc4 Ke6 55. Kb4 Kd5 56. Rc5+ Kxd4 57. Rg5 1/2-1/2

[Event "GER-ch 78th"]
[Site "Bad Koenigshofen"]
[Date "2007.01.21"]
[Round "3"]
[White "Koller, Jens"]
[Black "Fischer, Thomas2"]
[Result "1/2-1/2"]
[WhiteElo "2246"]
[BlackElo "2045"]
[EventDate "2007.01.19"]
[PlyCount "98"]

1. e4 c5 2. Nf3 Nc6 3. d4 cxd4 4. Nxd4 Nf6 5. Nc3 e5 6. Ndb5 d6 7. Bg5 a6 8. Na3 Be6 9. Nc4 Rc8 10. Nd5 Bxd5 11. Bxf6 gxf6 12. Qxd5 Nb4 13. Qd2 d5 14. exd5 Qxd5 15. Qxd5 Nxd5 16. O-O-O Nf4 17. g3 Ne6 18. Nd6+ Bxd6 19. Rxd6 Ke7 20. Rb6 Rc7 21. Bg2 Rb8 22. Rd1 Nc5 23. c3 Nd7 24. Rbd6 Nc5 25. Bh3 b5 26. b4 Ne6 27. Kb2 Rbc8 28. Rxa6 Rxc3 29. Rd2 R8c6 30. Rxc6 Rxc6 31. Rd5 Nd4 32. Rc5 Rxc5 33. bxc5 b4 34. a3 bxa3+ 35. Kxa3 Kd8 36. Kb4 Kc7 37. Bg2 f5 38. Kc4 Nc2 39. Kd5 e4 40. Bh3 e3 41. fxe3 Nxe3+ 42. Ke5 Kc6 43. Kf4 Nd5+ 44. Kxf5 Kxc5 45. Kg5 Kd6 46. Bf5 f6+ 47. Kh6 Ne3 48. Bd3 Ng4+ 49. Kxh7 Nxh2 1/2-1/2

[Event "GER-ch 78th"]
[Site "Bad Koenigshofen"]
[Date "2007.01.21"]
[Round "3"]
[White "Luther, Thomas"]
[Black "Namyslo, Holger"]
[Result "1-0"]
[WhiteElo "2580"]
[BlackElo "2281"]
[EventDate "2007.01.19"]
[PlyCount "115"]

1. e4 e6 2. d4 d5 3. Nd2 Nf6 4. e5 Nfd7 5. Bd3 c5 6. c3 Nc6 7. Ngf3 Be7 8. O-O cxd4 9. cxd4 g5 10. Nb3 g4 11. Ne1 h5 12. Be3 Bg5 13. Rc1 Bxe3 14. fxe3 Qg5 15. Qe2 O-O 16. Bb5 Ndb8 17. Nd3 a6 18. Bxc6 Nxc6 19. Rf6 a5 20. Nf4 a4 21. Nd2 Ne7 22. h4 gxh3 23. Nxh3 Qg4 24. Nf3 Nf5 25. Nf2 Qg3 26. e4 Qf4 27. Rc3 dxe4 28. Qxe4 Qxe4 29. Nxe4 Kg7 30. Neg5 Ra6 31. Rxf7+ Rxf7 32. Nxf7 Kxf7 33. Rxc8 Rb6 34. Rc2 Ne3 35. Rc7+ Kg6 36. Kf2 Ng4+ 37. Kg3 Rxb2 38. Nh4+ Kh6 39. Re7 Rb6 40. Kf4 Nf2 41. a3 Nd3+ 42. Ke4 Nf2+ 43. Ke3 Nd1+ 44. Kd2 Nb2 45. Rc7 Kg5 46. Nf3+ Kf4 47. Kc2 Ke4 48. Rc3 Kd5 49. Rc5+ Ke4 50. d5 exd5 51. e6 Nd3 52. e7 Nxc5 53. e8=Q+ Ne6 54. Qg6+ Kf4 55. Qf6+ Kg3 56. Qh4+ Kxg2 57. Ne1+ Kf1 58. Qh1+ 1-0

[Event "GER-ch 78th"]
[Site "Bad Koenigshofen"]
[Date "2007.01.21"]
[Round "3"]
[White "Meister, Jakob [RUS]"]
[Black "Gustafsson, Jan"]
[Result "1/2-1/2"]
[WhiteElo "2491"]
[BlackElo "2584"]
[EventDate "2007.01.19"]
[PlyCount "50"]

1. e4 e5 2. Nf3 Nc6 3. Bb5 a6 4. Ba4 Nf6 5. O-O Be7 6. d4 exd4 7. e5 Ne4 8. Nxd4 O-O 9. Nxc6 dxc6 10. c3 Qxd1 11. Bxd1 Nc5 12. Bc2 Rd8 13. Nd2 Nd3 14. Nf3 Bg4 15. Bxd3 Rxd3 16. Be3 c5 17. h3 Be6 18. Rfd1 Rxd1+ 19. Rxd1 h6 20. a3 a5 21. Kf1 b5 22. Nd2 Bf5 23. Nf3 Be6 24. Nd2 Bf5 25. Nb3 Bc2 1/2-1/2

[Event "GER-ch 78th"]
[Site "Bad Koenigshofen"]
[Date "2007.01.21"]
[Round "3"]
[White "Schulze, Ulrich"]
[Black "Bastian, Herbert"]
[Result "1/2-1/2"]
[WhiteElo "2297"]
[BlackElo "2411"]
[EventDate "2007.01.19"]
[PlyCount "49"]

1. d4 Nf6 2. Nf3 g6 3. c4 Bg7 4. g3 O-O 5. Bg2 d6 6. O-O c6 7. Nc3 Qa5 8. e4 e5 9. d5 c5 10. Ne1 a6 11. Bd2 Qd8 12. a4 Nbd7 13. Nd3 Rb8 14. f4 Ne8 15. f5 Nc7 16. a5 b5 17. axb6 Nxb6 18. b3 Ne8 19. Ra3 a5 20. g4 Bd7 21. Qc1 Ra8 22. Nb2 Kh8 23. h3 Qe7 24. Ra2 Rg8 25. Be3 1/2-1/2

[Event "GER-ch 78th"]
[Site "Bad Koenigshofen"]
[Date "2007.01.21"]
[Round "3"]
[White "Schuster, Martin"]
[Black "Tischbierek, Raj"]
[Result "1/2-1/2"]
[WhiteElo "2223"]
[BlackElo "2486"]
[EventDate "2007.01.19"]
[PlyCount "62"]

1. d4 d6 2. c4 e5 3. Nc3 exd4 4. Qxd4 Nf6 5. Bg5 Be7 6. e3 Nc6 7. Qd2 Ne5 8. Nf3 Nxf3+ 9. gxf3 O-O 10. Rg1 Bf5 11. Bd3 Bxd3 12. Qxd3 Kh8 13. O-O-O Nd7 14. Bxe7 Qxe7 15. Nd5 Qh4 16. Qc3 f6 17. Rg2 Rf7 18. f4 Nc5 19. Qc2 Qh3 20. Rdg1 Qe6 21. f5 Qe5 22. Nf4 Re8 23. Rg4 Kg8 24. h4 Qe4 25. Nh5 Qxc2+ 26. Kxc2 Ree7 27. Ng3 a5 28. b3 Nd7 29. Re4 Ne5 30. h5 Nf3 31. Rxe7 Rxe7 1/2-1/2

[Event "GER-ch 78th"]
[Site "Bad Koenigshofen"]
[Date "2007.01.21"]
[Round "3"]
[White "Seuffert, Gabriel"]
[Black "Hamann, Carsten"]
[Result "1-0"]
[WhiteElo "2339"]
[BlackElo "2216"]
[EventDate "2007.01.19"]
[PlyCount "81"]

1. c4 e5 2. g3 Nf6 3. Bg2 Nc6 4. Nc3 Bc5 5. a3 a5 6. e3 O-O 7. Nge2 d6 8. O-O Bf5 9. d4 Bb6 10. Nd5 Nxd5 11. cxd5 Ne7 12. dxe5 dxe5 13. Nc3 Nc8 14. e4 Bd7 15. Kh1 Nd6 16. Qe2 Bd4 17. Rd1 b5 18. Be3 Bxe3 19. Qxe3 b4 20. Ne2 Bb5 21. a4 Nc4 22. Qc1 Ba6 23. b3 Nd6 24. Ng1 f5 25. exf5 e4 26. f3 exf3 27. Nxf3 Nxf5 28. Ng5 Rf6 29. Ne6 Qd6 30. Qg5 Rf7 31. Rac1 Qe5 32. Re1 Qb2 33. d6 Rc8 34. d7 Rxd7 35. Qxf5 Rf7 36. Qc2 Qf6 37. Nf4 c5 38. Bd5 c4 39. bxc4 Bxc4 40. Bxc4 Qc6+ 41. Qg2 1-0

[Event "GER-ch 78th"]
[Site "Bad Koenigshofen"]
[Date "2007.01.21"]
[Round "3"]
[White "Stanke, Juergen"]
[Black "Prusikin, Michael"]
[Result "0-1"]
[WhiteElo "2323"]
[BlackElo "2571"]
[EventDate "2007.01.19"]
[PlyCount "62"]

1. c4 e5 2. Nc3 Nc6 3. g3 Bc5 4. Bg2 a6 5. e3 d6 6. Nge2 Ba7 7. O-O h5 8. h3 h4 9. g4 f5 10. gxf5 Bxf5 11. d4 Qd7 12. Kh2 g5 13. f3 Qg7 14. d5 Nce7 15. Qa4+ Bd7 16. Qb3 O-O-O 17. Ne4 Nh6 18. Bd2 Nef5 19. Rac1 Ng3 20. N2xg3 hxg3+ 21. Nxg3 g4 22. c5 Bxc5 23. Ne4 Rdg8 24. Rg1 g3+ 25. Kh1 Bxh3 26. Bxh3+ Nf5 27. Kg2 Rxh3 28. Kf1 Rh2 29. Rxc5 dxc5 30. Nxc5 Nd6 31. Be1 Qh7 0-1

[Event "GER-ch 78th"]
[Site "Bad Koenigshofen"]
[Date "2007.01.21"]
[Round "3"]
[White "Suren, Peter"]
[Black "Meins, Gerlef"]
[Result "0-1"]
[WhiteElo "2211"]
[BlackElo "2460"]
[EventDate "2007.01.19"]
[PlyCount "144"]

1. b3 e5 2. Bb2 Nc6 3. e4 Nf6 4. Nc3 Bc5 5. Bd3 O-O 6. Qe2 Nd4 7. Qf1 d5 8. O-O-O a5 9. f4 dxe4 10. Bxe4 exf4 11. Qxf4 Nxe4 12. Nxe4 Bb6 13. Ng3 a4 14. N1e2 c5 15. Nxd4 cxd4 16. Nf5 axb3 17. axb3 Bxf5 18. Qxf5 Ra5 19. Qf3 Bc5 20. Qxb7 Qd6 21. Rhf1 Ba3 22. c3 dxc3 23. dxc3 Qh6+ 24. Kc2 Qg6+ 25. Kc1 Qh6+ 26. Kc2 Qg6+ 27. Kc1 Rfa8 28. b4 Bxb2+ 29. Kxb2 Ra2+ 30. Kb3 Qe6+ 31. Qd5 R2a3+ 32. Kc4 Rc8+ 33. Kd4 Qg4+ 34. Ke3 Raxc3+ 35. Kf2 Qxb4 36. Rd2 Qb6+ 37. Qd4 Qxd4+ 38. Rxd4 g5 39. h3 Kg7 40. Rd7 R8c7 41. Rd5 R7c5 42. Rfd1 Rxd5 43. Rxd5 Kg6 44. Rd6+ f6 45. g3 Rc4 46. g4 Rf4+ 47. Kg3 h5 48. Ra6 h4+ 49. Kg2 Rd4 50. Rb6 Rd2+ 51. Kg1 Kf7 52. Rb5 Ke6 53. Rc5 Rd4 54. Kg2 Rf4 55. Ra5 Re4 56. Ra6+ Ke5 57. Ra5+ Kd4 58. Ra6 Re2+ 59. Kg1 Ke5 60. Kf1 Rd2 61. Ra5+ Kf4 62. Ra4+ Kg3 63. Ra3+ Kh2 64. Rf3 Rd4 65. Ke2 Rf4 66. Rxf4 gxf4 67. Kf2 Kxh3 68. Kf3 Kh2 69. Kf2 h3 70. Kf1 Kg3 71. Kg1 f3 72. Kh1 f2 0-1

[Event "GER-ch 78th"]
[Site "Bad Koenigshofen"]
[Date "2007.01.21"]
[Round "3"]
[White "Von Herman, Ulf"]
[Black "Tabatt, Hendrik"]
[Result "1-0"]
[WhiteElo "2364"]
[BlackElo "2228"]
[EventDate "2007.01.19"]
[PlyCount "41"]

1. d4 Nf6 2. c4 e6 3. Nf3 c5 4. g3 cxd4 5. Nxd4 a6 6. Nc3 Qc7 7. Bg5 Nc6 8. Bg2 Qa5 9. Bxf6 gxf6 10. O-O Ne5 11. Nb3 Qc7 12. Rc1 d6 13. c5 Nd7 14. cxd6 Qxd6 15. Ne4 Qb6 16. Qd2 f5 17. Rfd1 Qb5 18. Nf6+ Ke7 19. Rxc8 Rxc8 20. Nxd7 f6 21. Nb6 1-0

[Event "GER-ch 78th"]
[Site "Bad Koenigshofen"]
[Date "2007.01.21"]
[Round "3"]
[White "Wichmann, Cliff"]
[Black "Zill, Christoph"]
[Result "1/2-1/2"]
[WhiteElo "2419"]
[BlackElo "2305"]
[EventDate "2007.01.19"]
[PlyCount "81"]

1. Nf3 d6 2. d4 f5 3. e4 fxe4 4. Ng5 Nf6 5. Nc3 Bf5 6. f3 Qd7 7. fxe4 Bg4 8. Be2 Bxe2 9. Qxe2 Nc6 10. Qc4 e5 11. O-O Nxd4 12. Nd5 b5 13. Qd3 c6 14. Rxf6 cxd5 15. Rf2 dxe4 16. Qxe4 Qc6 17. Qg4 Qd7 18. Qd1 Be7 19. c3 Bxg5 20. cxd4 Bf6 21. Qh5+ Qf7 22. Qe2 Qc4 23. dxe5 Qxe2 24. Rxe2 dxe5 25. Bf4 Kf7 26. Bxe5 Rhe8 27. Rae1 Bxe5 28. Rxe5 Rxe5 29. Rxe5 a6 30. Rc5 Rd8 31. Rc7+ Kf6 32. Rc2 Rd6 33. Kf2 h5 34. Ke3 g6 35. a3 Ke6 36. Rf2 Rc6 37. Kd4 Rc4+ 38. Kd3 Ke5 39. Rf8 Rc6 40. Rd8 Rf6 41. Ke3 1/2-1/2

[Event "GER-ch 78th"]
[Site "Bad Koenigshofen"]
[Date "2007.01.22"]
[Round "4"]
[White "Bastian, Herbert"]
[Black "Stanke, Juergen"]
[Result "1/2-1/2"]
[WhiteElo "2411"]
[BlackElo "2323"]
[EventDate "2007.01.19"]
[PlyCount "131"]

1. e4 c5 2. Nc3 Nc6 3. g3 g6 4. Bg2 Bg7 5. d3 d6 6. Be3 e5 7. Qd2 Nge7 8. Bh6 O-O 9. Bxg7 Kxg7 10. Nge2 Nd4 11. Nxd4 cxd4 12. Ne2 f6 13. O-O Bg4 14. f3 Be6 15. c3 dxc3 16. bxc3 d5 17. d4 Qc7 18. Qe3 dxe4 19. fxe4 Bc4 20. Rfd1 Rad8 21. Nc1 Qb6 22. Nb3 Bxb3 23. axb3 Nc6 24. Kh1 Rf7 25. Rd3 exd4 26. cxd4 Rxd4 27. Rxd4 Qxd4 28. Qxd4 Nxd4 29. Rxa7 Rc7 30. h4 Nxb3 31. e5 fxe5 32. Rxb7 Rxb7 33. Bxb7 Nc5 34. Bd5 Kf6 35. Kg2 Kf5 36. Kf3 h6 37. g4+ Kf6 38. Ba2 g5 39. h5 Ke7 40. Ke3 Kd6 41. Bf7 Ne6 42. Bg8 Ke7 43. Ke4 Kf6 44. Ke3 Nc5 45. Bd5 Na4 46. Bc6 Nb2 47. Ke4 Nd1 48. Bd7 Nc3+ 49. Kd3 Ke7 50. Bc6 Kd6 51. Bb7 Nd5 52. Ke4 Ne7 53. Ba8 Ke6 54. Bb7 Kf6 55. Ke3 Kf7 56. Kf3 Ke6 57. Ke4 Kd6 58. Ba8 Nc8 59. Kf5 Nb6 60. Bb7 Nd5 61. Kg6 Ne3 62. Bf3 e4 63. Bxe4 Nxg4 64. Bf5 Ne3 65. Kxh6 Nxf5+ 66. Kxg5 1/2-1/2